| 000 | 00411nam a22001455i 4500 | ||
|---|---|---|---|
| 001 | 171626 | ||
| 003 | ES-MaACL | ||
| 005 | 20230906214700.0 | ||
| 008 | 090522s1951 sp |||| | cat d | ||
| 100 | 1 |
_aSoldevila, Ferran. _9107111 |
|
| 245 | 1 | 2 |
_aL'Hostal de l'amor _b: farsa / _cFerran Soldevila. |
| 260 |
_aBarcelona : _bAymá, _c1951. |
||
| 300 |
_a128 p. ; _c16 cm. |
||
| 852 |
_aES-MaACL _jD-7501 _9R.31567 |
||
| 999 |
_c171626 _d171626 |
||